000 00252nam a2200109Ia 4500
008 220204s9999 xx 000 0 und d
082 _a159.9
_bMOO
100 _aMoody, R A
245 0 _aLife after life
260 _aNew york
_bBantam
_c1977
942 _cBK
999 _c33225
_d33225